000 00635nas a2200241 4500
001 BR8103294
003 BR-BrBNA
005 20231205084745.0
007 ta
008 230509b bl.|||p| |||| 00| 00por d
040 _aBR-BrBNA
_bpor
_cBiblioteca Nacional de Agricultura
041 _a(Pt)
072 _aE70
100 1 _aAnon.
245 1 _aCiclos autofagicos [Carne; Consumidor]
650 _aComercializacao
650 _aCarne
650 _aConsumo
650 _aConsumidor
773 0 _tRaizes (Brazil)
_x
_g(Nov 1980), v. 6(59) p. 50-51
_wBR8103294
909 _a202311
_bLúcia
_c55
_dLúcia Elande
942 _2AGRIS
_n0
_cANA
999 _c107094
_d107094